Select Constitutions / (Record no. 82167)
[ view plain ]
| 000 -LEADER | |
|---|---|
| fixed length control field | 00721nam a2200265 a 4500 |
| 001 - CONTROL NUMBER | |
| control field | 82167 |
| 003 - CONTROL NUMBER IDENTIFIER | |
| rucl marc code | BD-RjUL |
| 005 - DATE AND TIME OF LATEST TRANSACTION | |
| control field | 20231019113052.0 |
| 008 - FIXED-LENGTH DATA ELEMENTS--GENERAL INFORMATION | |
| fixed length control field | 231019s2022 ii ||||| |||| 00| 0 eng d |
| 020 ## - INTERNATIONAL STANDARD BOOK NUMBER | |
| International Standard Book Number | 978-9355010933 |
| 035 ## - SYSTEM CONTROL NUMBER | |
| System control number | (BD-RjUL)82167 |
| 040 ## - CATALOGING SOURCE | |
| Original cataloging agency | BD-RjUL |
| Language of cataloging | eng |
| Transcribing agency | BD-RjUL |
| 041 ## - LANGUAGE CODE | |
| Language code of text/sound track or separate title | eng |
| 082 ## - DEWEY DECIMAL CLASSIFICATION NUMBER | |
| Edition number | 23 |
| Classification number | 342 |
| Author mark and year | KAS 2022 |
| 100 ## - MAIN ENTRY--PERSONAL NAME | |
| Personal name | Kapur, A. C. |
| 9 (RLIN) | 9701 |
| 245 ## - TITLE STATEMENT | |
| Title | Select Constitutions / |
| Statement of responsibility, etc. | A. C. Kapur, K.K. Misra |
| 250 ## - EDITION STATEMENT | |
| Edition statement | 16th ed. |
| 260 ## - PUBLICATION, DISTRIBUTION, ETC. (IMPRINT) | |
| Place of publication, distribution, etc. | New Delhi : |
| Name of publisher, distributor, etc. | S. Chand Publishing, |
| Date of publication, distribution, etc. | 2022. |
| 300 ## - PHYSICAL DESCRIPTION | |
| Pagination | Various paging; |
| Size | 22 cm. |
| 500 ## - GENERAL NOTE | |
| General note | Includes index. |
| 650 ## - SUBJECT ADDED ENTRY--TOPICAL TERM | |
| Topical term or geographic name as entry element | Constitutions |
| 9 (RLIN) | 9702 |
| Topical term or geographic name as entry element | Constitutional law |
| 9 (RLIN) | 9703 |
| 700 ## - ADDED ENTRY--PERSONAL NAME | |
| Personal name | Misra, K.K. |
| 942 ## - ADDED ENTRY ELEMENTS (KOHA) | |
| Source of classification or shelving scheme | Dewey Decimal Classification |
| Koha item type | Books |
| Lost status | Source of classification or shelving scheme | Damaged status | Not for loan | Collection code | Permanent Location | Current Location | Shelving location | Date acquired | Source of acquisition | Cost, normal purchase price | Total Checkouts | Full call number | Date last seen | Copy number | Koha item type | Checked out | Date checked out |
|---|---|---|---|---|---|---|---|---|---|---|---|---|---|---|---|---|---|
| Dewey Decimal Classification | Not For Loan | Non-fiction | Central Library, University of Rajshahi | Central Library, University of Rajshahi | Reading Room | 21/08/2023 | Dhaka :International Book | 850.00 | 342 KAS 2022 | 19/10/2023 | C-1 | Books | |||||
| Dewey Decimal Classification | Non-fiction | Central Library, University of Rajshahi | Central Library, University of Rajshahi | General Stacks | 21/08/2023 | Dhaka :International Book | 850.00 | 5 | 342 KAS 2022 | 28/04/2026 | C-2 | Books | 13/05/2026 | 28/04/2026 | |||
| Dewey Decimal Classification | Non-fiction | Central Library, University of Rajshahi | Central Library, University of Rajshahi | General Stacks | 21/08/2023 | Dhaka :International Book | 850.00 | 1 | 342 KAS 2022 | 14/03/2024 | C-3 | Books | 25/02/2024 |